000 00730nam a2200229 a 4500
001 022156
003 BD-ChCU
005 20230204161533.0
008 Ben
020 _a৯৮৪৭০২০৪০০০৩৫
040 _aDLC
_cDLC
_dBD-ChCU
082 0 0 _a১৮১.১৫/সর৭৫লা
100 1 _aসরকার, মো: সোলায়মান আলী
_b-
245 1 0 _aলালন শাহের মরমি দর্শন
_b-
250 _a-
260 _aঢাকা
_bবুক চয়েস
_c২০০৮
300 _a৩৩৪
504 _a- Biblio-
650 0 _aলালন দর্শন
_bদর্শন
700 1 _a-
942 _2ddc
_cBK
999 _c22156
_d22156